| 000 | 02021cam a2200457 i 4500 | ||
|---|---|---|---|
| 001 | data | ||
| 005 | 20260322212105.0 | ||
| 006 | data | ||
| 007 | data | ||
| 008 | data | ||
| 035 | _a21965842 | ||
| 906 |
_a0 _bibc _corignew _du _encip _f20 _gy-gencatlg |
||
| 010 | _a 2019669753 | ||
| 035 | _a(OCoLC)1290665110 | ||
| 040 |
_aDLC _beng _epn _epn _cGPO _dDLC _dOCLCF _dOCLCO _dDLC |
||
| 042 | _apcc | ||
| 074 | _a0818-J-06 (online) | ||
| 086 | 0 | _aLC 42.20:C 76/24 | |
| 088 | _aLRA-D-PUB-000574 | ||
| 100 | 1 |
_aJohnson, Constance A., _ecompiler. |
|
| 245 | 1 | 0 |
_aCountries revising their constitutions / _ccompiled by Constance A. Johnson |
| 264 | 1 |
_a[Washington, D.C.] : _bThe Law Library of Congress, Global Legal Research Directorate, _c2012. |
|
| 300 | _a1 online resource (17 pages) | ||
| 336 |
_atext _btxt _2rdacontent |
||
| 337 |
_acomputer _bc _2rdamedia |
||
| 338 |
_aonline resource _bcr _2rdacarrier |
||
| 500 | _a"Australia, Austria, Belgium, Brazil, Burma (Myanmar), Chile, Colombia, Costa Rica, Fiji, France, Germany, Guatemala, Honduras, Hungary, Iceland, India, Ireland, Italy, Latvia, Mexico, Moldova, Mozambique, Nepal, Netherlands, New Zealand, Panama, Philippines, Portugal, Switzerland, Tajikistan, Turkey, Ukraine, United Kingdom, Uzbekistan, Vietnam." | ||
| 500 | _a"January 2012." | ||
| 500 | _a"LL file no. 2012-007071." | ||
| 500 | _a"LRA-D-PUB-000574." | ||
| 504 | _aIncludes bibliographical references (pages 12-17). | ||
| 588 | _aDescription based on online resource; title from PDF cover (Law Library of Congress, viewed Dec. 30, 2021). | ||
| 650 | 0 | _aConstitutional law. | |
| 650 | 7 |
_aConstitutional law. _2fast _0(OCoLC)fst00875797 |
|
| 710 | 2 |
_aLaw Library of Congress (U.S.). _bGlobal Legal Research Directorate, _eissuing body. |
|
| 856 | 4 | 0 |
_dllglrd _f2019669753 _uhttps://hdl.loc.gov/loc.law/llglrd.2019669753 |
| 856 | 4 | 0 |
_uhttps://purl.fdlp.gov/GPO/gpo160741 _70 |
| 985 |
_all/glrd/dpub _ebatch6 |
||
| 991 |
_bs-Online _hElectronic Resource |
||
| 999 |
_c1543 _d1543 |
||